[Event "Fyli op 2nd"]
[Site "Fyli"]
[Date "2011.06.03"]
[Round "7"]
[White "Niarhos, Konstantinos"]
[Black "Diamandis, Odysseas"]
[Result "1-0"]
[WhiteElo "1385"]
[BlackElo "1000"]
[PlyCount "85"]
[EventDate "2011.04.15"]
[EventType "swiss"]
[EventRounds "7"]
[EventCountry "GRE"]
[SourceTitle "EXT 2013"]
[Source "ChessBase"]
[SourceDate "2012.11.22"]
[SourceVersion "1"]
[SourceVersionDate "2012.11.22"]
[SourceQuality "1"]

1. e4 e5 2. Nf3 Nc6 3. d4 exd4 4. Nxd4 Nxd4 5. Qxd4 d6 6. Nc3 Be6 7. Be3 Nf6 8. f3 Be7 9. h3 0-0 10. 0-0-0 c6 11. Kb1 Qd7 12. Be2 Rfd8 13. f4 Qc7 14. f5 c5 15. Qd2 Bd7 16. g4 Bc6 17. Bf3 Nd7 18. Bf4 Ne5 19. Be2 a6 20. g5 f6 21. Nd5 Bxd5 22. Qxd5+ Kf8 23. Rhg1 Qc6 24. g6 hxg6 25. fxg6 Qxd5 26. Rxd5 Rd7 27. Bg4 Nxg4 28. Rxg4 Re8 29. Rh5 Bd8 30. Be3 Bc7 31. Rh8+ Ke7 32. Rh7 Ke6 33. h4 f5 34. Rf4 d5 35. exf5+ Kf6 36. Rf3 d4 37. Bg5+ Ke5 38. f6 Bd8 39. f7 Rf8 40. Rxg7 Bxg5 41. Rg8 Rdd8 42. Rxf8 Rxf8 43. g7 1-0